000 00676nam a2200241Ia 4500
003 OSt
005 20221006165633.0
006 a|||||r|||| 00| 0
007 ta
008 221006b |||||||| |||| 00| 0 eng d
024 _a916
037 _cTextual
040 _aFML
_cFML
_beng
041 _2eng
_aeng
082 _aNR44OjSa, M1 -; 1
100 _aHariharan M Au.
_9676260
245 0 _aIndian Dance and Music Litrature
260 _aDelhi
_bBibla Impex Pvt Ltd.
_c1981
300 _a156
_ccm.
700 _a Kuppuswamy G Au.
_9576289
942 _hNR44OjSa, M1 -; 1
_cTEXL
_2CC
999 _c1121542
_d1121542